[Event "Chennai op 9th"]
[Site "Chennai"]
[Date "2017.01.18"]
[Round "1"]
[White "Malakhatko, Vadim"]
[Black "Prathish, A."]
[Result "1-0"]
[WhiteElo "2514"]
[BlackElo "1819"]
[PlyCount "161"]
[EventDate "2017.01.18"]
[EventType "swiss"]
[EventRounds "10"]
[EventCountry "IND"]
[SourceTitle "CBM 176 Extra"]
[Source "ChessBase"]
[SourceDate "2017.03.02"]
[SourceVersion "1"]
[SourceVersionDate "2017.03.02"]
[SourceQuality "1"]

1. c4 e5 2. Nc3 c6 3. Nf3 Bd6 4. g3 Bc7 5. Bg2 Nf6 6. 0-0 d5 7. cxd5 Nxd5 8. d4 Nxc3 9. bxc3 exd4 10. cxd4 0-0 11. Qc2 h6 12. Bb2 Nd7 13. e4 Nb6 14. Rad1 Bg4 15. h3 Bh5 16. g4 Bg6 17. Ne5 Bh7 18. f4 Nd5 19. Qb3 Bxe5 20. dxe5 Qb6+ 21. Bd4 Qxb3 22. axb3 Nc7 23. Bb2 Rfd8 24. f5 a5 25. Kf2 c5 26. Ke3 b6 27. Rd6 Ne8 28. Rxb6 Rab8 29. Rxb8 Rxb8 30. Bc3 Rxb3 31. Kd2 Nc7 32. Kc2 a4 33. Rd1 Kf8 34. Bf1 Ke7 35. Bc4 Rb7 36. Ra1 Ra7 37. Bb2 Ra5 38. Ba3 f6 39. e6 Bg8 40. Rd1 Bxe6 41. fxe6 Nxe6 42. h4 Nf4 43. Rb1 Ng2 44. Rb7+ Kd6 45. Rxg7 Nxh4 46. Bb2 a3 47. Bxf6 Ra4 48. e5+ Kc6 49. Bb3 Re4 50. Bxh4 c4 51. Bxc4 Rxc4+ 52. Kb3 Ra4 53. Ka2 h5 54. Bf6 Rxg4 55. Rh7 Kd5 56. Rxh5 Ra4 57. Rh3 Ra6 58. Rxa3 Rb6 59. Bd8 Re6 60. Bc7 Kc4 61. Kb2 Rg6 62. Re3 Re6 63. Bd6 Kd5 64. Kc2 Rg6 65. Bb4 Re6 66. Bc3 Rh6 67. Rd3+ Kc5 68. Rd2 Kc4 69. Rd4+ Kc5 70. Rf4 Rh2+ 71. Kb3 Re2 72. Rf6 Kd5 73. Rd6+ Kc5 74. Rd1 Re3 75. Re1 Rxe1 76. Bxe1 Kd5 77. Bg3 Ke6 78. Kc4 Ke7 79. Kd5 Kd7 80. Bh4 Ke8 81. Ke6 1-0

[Event "IND-ch U13"]
[Site "Puducherry"]
[Date "2013.07.03"]
[Round "6"]
[White "Dhananjay, A Pandit"]
[Black "Prathish, A."]
[Result "1/2-1/2"]
[WhiteElo "1929"]
[BlackElo "1791"]
[PlyCount "86"]
[EventDate "2013.06.30"]
[EventType "swiss"]
[EventRounds "11"]
[EventCountry "IND"]
[SourceTitle "EXT 2014"]
[Source "ChessBase"]
[SourceDate "2013.11.20"]
[SourceVersion "1"]
[SourceVersionDate "2013.11.20"]
[SourceQuality "1"]

1. d4 Nf6 2. Nf3 d5 3. Bf4 Bf5 4. e3 e6 5. Nbd2 Bd6 6. Ne5 0-0 7. Be2 c5 8. dxc5 Bxc5 9. g4 Bg6 10. c3 Ne4 11. Nxg6 hxg6 12. Nxe4 dxe4 13. h4 Be7 14. Qb3 Qd5 15. Qxd5 exd5 16. 0-0-0 Rd8 17. g5 Nc6 18. h5 a5 19. hxg6 fxg6 20. Rxd5 Rxd5 21. Bc4 Nb4 22. Rd1 Rad8 23. cxb4 Rc8 24. b3 Rxc4+ 25. bxc4 Rxd1+ 26. Kxd1 Bxb4 27. Ke2 Kf7 28. f3 exf3+ 29. Kxf3 Ke6 30. Ke4 Bc3 31. Bc7 a4 32. Bb6 Bb4 33. Bd4 Be7 34. Kf4 Bd6+ 35. Kg4 Bf8 36. e4 Bd6 37. Bxg7 Be5 38. Bf8 Bc3 39. Kf4 Bd2+ 40. Kf3 Bxg5 41. Bb4 Bc1 42. Bc3 a3 43. Bb4 Ke5 1/2-1/2

[Event "Wch U12"]
[Site "Maribor"]
[Date "2012.11.11"]
[Round "4.66"]
[White "Prathish, A."]
[Black "Meglic, Jaka"]
[Result "1-0"]
[WhiteElo "1744"]
[BlackElo "1586"]
[PlyCount "81"]
[EventDate "2012.11.08"]
[EventType "swiss"]
[EventRounds "11"]
[EventCountry "SLO"]
[SourceTitle "EXT 2013"]
[Source "ChessBase"]
[SourceDate "2012.11.22"]
[SourceVersion "1"]
[SourceVersionDate "2012.11.22"]
[SourceQuality "1"]

1. e4 c5 2. Nf3 Nc6 3. d4 cxd4 4. Nxd4 g6 5. c4 Nf6 6. Nc3 d6 7. f3 Nxd4 8. Qxd4 Bg7 9. Bg5 0-0 10. Qd2 a5 11. Be2 a4 12. 0-0 Qa5 13. Rac1 Be6 14. Kh1 Rfe8 15. Bd3 Rac8 16. b3 axb3 17. axb3 Nd7 18. Nb5 Qxd2 19. Bxd2 Nc5 20. Bc2 Rc6 21. Rfd1 Ra8 22. Be3 Bd7 23. e5 Bxe5 24. b4 Na6 25. Be4 Nxb4 26. Bxc6 Bxc6 27. Bd4 Bf4 28. Ra1 Na6 29. Na7 Nb4 30. Nxc6 Rxa1 31. Rxa1 f6 32. Nxb4 e5 33. Bf2 Kf7 34. Nd5 Bh6 35. Ra7 Ke6 36. g4 f5 37. Rxb7 Bf8 38. Rxh7 e4 39. Bd4 Bg7 40. Rxg7 exf3 41. Nc7# 1-0

[Event "Wch U12"]
[Site "Maribor"]
[Date "2012.11.10"]
[Round "3.37"]
[White "Wadsworth, Matthew J"]
[Black "Prathish, A."]
[Result "1-0"]
[WhiteElo "2055"]
[BlackElo "1744"]
[PlyCount "107"]
[EventDate "2012.11.08"]
[EventType "swiss"]
[EventRounds "11"]
[EventCountry "SLO"]
[SourceTitle "EXT 2013"]
[Source "ChessBase"]
[SourceDate "2012.11.22"]
[SourceVersion "1"]
[SourceVersionDate "2012.11.22"]
[SourceQuality "1"]

1. g3 d5 2. Bg2 e5 3. c4 c6 4. cxd5 cxd5 5. d4 e4 6. Nc3 Nc6 7. f3 exf3 8. Nxf3 Bb4 9. 0-0 Nge7 10. Bf4 a6 11. Rc1 0-0 12. a3 Ba5 13. b4 Bb6 14. Na4 Ba7 15. Nc5 f6 16. Be3 Nf5 17. Bf2 Re8 18. Qd2 Kh8 19. Rfe1 Nd6 20. Qa2 Ne4 21. e3 Qd6 22. Nxe4 dxe4 23. Nd2 f5 24. Red1 Qf6 25. Nc4 b5 26. Nd2 Bb7 27. Nb3 Ne7 28. Nc5 Bd5 29. Qb1 Red8 30. Bf1 Bxc5 31. bxc5 Nc6 32. Qb2 Rab8 33. Ra1 Qg6 34. Qd2 Re8 35. Re1 Rbd8 36. a4 b4 37. Bxa6 Na5 38. Bb5 Rf8 39. Rab1 Nb3 40. Rxb3 Bxb3 41. Qxb4 Bd5 42. c6 Qe6 43. c7 Rc8 44. Rc1 g5 45. a5 f4 46. Be2 h6 47. Qb6 Qh3 48. Bf1 Qh5 49. Qd6 fxg3 50. Bxg3 Bb7 51. Qe5+ Kh7 52. Qb5 Qf3 53. Be2 Rf5 54. Qc4 1-0

[Event "Wch U12"]
[Site "Maribor"]
[Date "2012.11.08"]
[Round "1.9"]
[White "Gholami, Aryan"]
[Black "Prathish, A."]
[Result "1-0"]
[WhiteElo "2085"]
[BlackElo "1769"]
[PlyCount "105"]
[EventDate "2012.11.08"]
[EventType "swiss"]
[EventRounds "11"]
[EventCountry "SLO"]
[SourceTitle "EXT 2013"]
[Source "ChessBase"]
[SourceDate "2012.11.22"]
[SourceVersion "1"]
[SourceVersionDate "2012.11.22"]
[SourceQuality "1"]

1. e4 c5 2. c3 Nf6 3. e5 Nd5 4. d4 cxd4 5. Nf3 d6 6. cxd4 Nb6 7. Nc3 Nc6 8. Bb5 a6 9. Bxc6+ bxc6 10. 0-0 e6 11. Bg5 Qc7 12. Rc1 d5 13. Na4 Nxa4 14. Qxa4 Bd7 15. Bd2 Qb7 16. Qc2 Be7 17. Bg5 Bxg5 18. Nxg5 h6 19. Nf3 0-0 20. Nd2 Rfc8 21. Nb3 Be8 22. f4 a5 23. f5 exf5 24. Rxf5 Qe7 25. Nc5 Rab8 26. Qd2 Bd7 27. Rf3 Be6 28. Rcf1 Rf8 29. Rg3 Kh7 30. b3 Ra8 31. Qc2+ Kh8 32. Qc1 Kh7 33. Nd3 Rac8 34. Qc2 Kh8 35. Qd2 Kh7 36. Qxa5 Ra8 37. Qd2 Qa7 38. Nc5 Qe7 39. a4 Bc8 40. Rf4 Ra7 41. Rf1 Ra8 42. Nd3 Ba6 43. Rf6 Rg8 44. Rxc6 Qb7 45. Rd6 Qxb3 46. Rh3 Qb1+ 47. Kf2 f6 48. Rd7 Kg6 49. Rg3+ Kh7 50. exf6 Raf8 51. Rdxg7+ Rxg7 52. Rxg7+ Kh8 53. Qxh6# 1-0